000 00818nam a2200241 a 4500
001 000034804
005 20260210142102.0
008 111020s1974 mx 000 0 spa d
040 _aDO-SdBNP
_bspa
_cBNPHU
100 1 _aMattelart, Armand
_960314
245 1 3 _aLa cultura como empresa multinacional /
_cArmand Mattelart.
260 _aMéxico :
_bEdiciones Era,
_c1974.
300 _a190 p. ;
_c18 cm.
490 0 _aSerie popular Era ;
_v25
504 _aIncluye referencias bibliográficas
590 _aPerteneció a la biblioteca personal de Juan Isidro Jimenes Grullón
650 2 0 _aSociedad
_99081
650 2 4 _aCultura y sociedad
_960315
650 2 0 _aCultura popular
_912597
650 2 0 _aEmpresas internacionales
_947948
650 2 4 _aMultinacionales
_960316
830 0 _aSerie popular Era ;
_n25
_960317
999 _c34295
_d34295